000 00762cam a2200205 4500
001 ABS65940
008 020925n2002 000 0 eng u
035 _a(Sirsi) u119836
100 _aBooty, F
245 _aIntranets: the new facilities weapon?
260 _c2002
490 _aFacilities Management
_v9(11) August 2002, 20-22(3)
520 _aLooks at ways facilities managers can take control of their customer base by using a company intranet. Recommends some of the information that can be promoted via such a site to counter the services offered by online service providers.Case studies.
590 _aABS
650 _aINTRANETS
650 _aINTERNET
650 _aCOMMUNICATIONS
690 _aMANAGEMENT-FACILITIES MANAGEMENT
942 _n0
999 _c71218
_d71218